zpět

Detail výsledku týmu

U Dvou dobráků PO, Opava

Datum a čas kvízu

26.5 Celkem bodů Celkový počet nahraných bodů na tomto kvízu bez doplňovacích otázek.
3. Pořadí na kvízu Konečné umístění týmu na tomto kvízu.

Zaznamenané odpovědi

# Otázka Odpověď Body Výsledky
1. Lele Ceterové, partnerce bojov... Rocky 1
2. Odstupující premiérce Angele M... Nina Hagen 0
3. Minulý týden byly rozdány výro... Madeta 0
4. Jen pár hodin po uvedení na tr... o pivo 0
5. Brankář týmu Arizona Coyotes s... Karel Vejmelka 0
6. Po slavných psech a koních při... 1963 (Uznáváme 1960–66.) 0
7. Kocoura na obrázku můžeme znát... Sylvester 1
8. Ve Spojeném království jsou ko... myšilov 0
9. Neopomeneme ani slavné literár... Hunger Games 1
10. Téma slavných koček zakončíme... Bastet (též Baset, Baast, Ubaste) 0